000 00659nam a2200265Ia 4500
008 160517s9999 xx 000 0 und d
020 _a0-321-44228-8
050 _aComSc TK 5105.875
050 _b.I57R49 2007
100 _aReynolds, David.
245 _a.MAC with iWEB /
245 _cDavid Reynolds.
250 _a2nd Edition
260 _aBerkerly :
260 _bPeachpit Press.,
260 _c2007
300 _a320 pages :
300 _bill. ;
300 _c23 cm.
440 _aVisual quickstart guide
500 _aIncludes index.
650 _aInternet programming.
650 _aInternet.
650 _xMacintosh (Computer).
999 _c294197
_d294197